Flags of Island Countries - Statistics

General Stats
  • This quiz has been taken 87 times
  • The average score is 39 of 48
Answer Stats
Picture Answer % Correct
Australia
98%
Ireland
98%
Japan
98%
United Kingdom
98%
Iceland
97%
Malta
97%
Cyprus
95%
Jamaica
95%
New Zealand
95%
Barbados
92%
Philippines
90%
Singapore
90%
Indonesia
89%
Madagascar
89%
Papua New Guinea
89%
Sri Lanka
89%
Maldives
87%
Cuba
85%
Bahamas
84%
Dominican Republic
84%
Palau
84%
Seychelles
84%
Brunei
82%
Taiwan
82%
Antigua and Barbuda
81%
Bahrain
81%
Tonga
81%
Trinidad & Tobago
81%
Comoros
77%
Haiti
77%
Kiribati
77%
Dominica
76%
Fiji
74%
Marshall Islands
74%
F.S. of Micronesia
73%
East Timor
71%
Grenada
71%
Cape Verde
69%
St. Kitts & Nevis
69%
St. Lucia
69%
St. Vincent and the Grenadines
69%
Mauritius
68%
Samoa
68%
Sao Tome & Principe
66%
Nauru
65%
Solomon Islands
65%
Vanuatu
63%
Tuvalu
61%
No matching quizzes found
Score Distribution
Percent of People with Each Score
Percentile by Number Answered
Your Score History
You have not taken this quiz